000 00598nam a2200217Ia 4500
003 OSt
005 20220918222952.0
006 a|||||r|||| 00| 0
007 ta
008 220917b |||||||| |||| 00| 0 eng d
024 _a219,672
037 _cTextual
040 _aARTS
_cARTS
_beng
041 _2eng
_aeng
082 _aX9J:2p6:N67, K7
245 0 _aProcessing and Financing African Primary Products
260 _aEdenburgh
_bCentre of African Studies(University of-)
_c1967
650 _aECONOMICS
942 _hX9J:2p6:N67, K7
_cTEXL
_2CC
999 _c276988
_d276988